The Prospects for Increasing the Reuse of Digital Training Content (Record no. 352704)
[ view plain ]
| 000 -LEADER | |
|---|---|
| fixed length control field | 00735nam a2200133Ia 4500 |
| 008 - FIXED-LENGTH DATA ELEMENTS--GENERAL INFORMATION | |
| fixed length control field | 171212s9999 xx 000 0 und d |
| 020 ## - INTERNATIONAL STANDARD BOOK NUMBER | |
| International Standard Book Number | 9780833046611 |
| 100 ## - MAIN ENTRY--PERSONAL NAME | |
| Personal name | Shanley, Michael G.;Lewis, Matthew W.;Straus, Susan G.;Rothenberg, Jeff;Daugherty, Lindsay |
| 245 ## - TITLE STATEMENT | |
| Statement of responsibility, etc | Shanley, Michael G.;Lewis, Matthew W.;Straus, Susan G.;Rothenberg, Jeff;Daugherty, Lindsay |
| Title | The Prospects for Increasing the Reuse of Digital Training Content |
| 260 ## - PUBLICATION, DISTRIBUTION, ETC. (IMPRINT) | |
| Name of publisher, distributor, etc | RAND Corporation |
| Date of publication, distribution, etc | 2009 |
| 650 ## - SUBJECT ADDED ENTRY--TOPICAL TERM | |
| Topical term or geographic name as entry element | Distance education -- Computer-assisted instruction; Internet in education; Instructional systems -- Design; Military education -- United States -- Computer-assisted instruction |
| 650 ## - SUBJECT ADDED ENTRY--TOPICAL TERM | |
| Topical term or geographic name as entry element | Education |
| 856 ## - ELECTRONIC LOCATION AND ACCESS | |
| Uniform Resource Identifier | <a href="www.jstor.org/stable/10.7249/mg732osd">www.jstor.org/stable/10.7249/mg732osd</a> |
| Withdrawn status | Lost status | Damaged status | Home library | Current library | Date acquired | Total Checkouts | Full call number | Date last seen | Price effective from | Koha item type |
|---|---|---|---|---|---|---|---|---|---|---|
| College Library | College Library | 12/12/2017 | LC5803.C65P76 2009 | 12/12/2017 | 12/12/2017 | Curriculum - Based eBooks |